MARC details
| 000 -LEADER |
| fixed length control field |
01225nam a2200241 a 4500 |
| 008 - FIXED-LENGTH DATA ELEMENTS--GENERAL INFORMATION |
| fixed length control field |
120416s1999 ||||||||||||||||| || u |
| 020 ## - INTERNATIONAL STANDARD BOOK NUMBER |
| International Standard Book Number |
155775831X |
| 050 ## - LIBRARY OF CONGRESS CALL NUMBER |
| Classification number |
IMF(08) |
| 100 ## - MAIN ENTRY--PERSONAL NAME |
| Personal name |
Havrylyshyn, Oleh |
| 245 10 - TITLE STATEMENT |
| Title |
Privatization in transition countries: lessons of the decade |
| 260 ## - PUBLICATION, DISTRIBUTION, ETC. |
| Place of publication, distribution, etc. |
Washington, D.C.: |
| Name of publisher, distributor, etc. |
International Monetary Fund |
| Date of publication, distribution, etc. |
1999 |
| 300 ## - PHYSICAL DESCRIPTION |
| Extent |
iii, 15p. : ill. |
| 350 ## - PRICE (NR) (BK AM CF MU VM SE) [OBSOLETE] |
| Price |
0.00 |
| 490 ## - SERIES STATEMENT |
| Series statement |
Economic issues, 1020-5098 |
| 490 ## - SERIES STATEMENT |
| Volume/sequential designation |
18. |
| 500 ## - GENERAL NOTE |
| General note |
"August 1999." -"This Economic Issue draws on material originally contained in IMF Working Paper WP/99/6, 'Privatization in transition countries: a sampling of the literature,' by Oleh Havrylyshyn and Donal McGettigan. This version was prepared by Charles S. Gardner"--P. iii. -Includes bibliographical references. -Also issued via the Internet. |
| 650 ## - SUBJECT ADDED ENTRY--TOPICAL TERM |
| Topical term or geographic name entry element |
PRIVATIZATION--FORMER SOVIET REPUBLICS |
| 650 ## - SUBJECT ADDED ENTRY--TOPICAL TERM |
| Topical term or geographic name entry element |
PRIVATIZATION--EUROPE, EASTERN |
| 700 ## - ADDED ENTRY--PERSONAL NAME |
| Personal name |
McGettigan, Donal |
| 710 ## - ADDED ENTRY--CORPORATE NAME |
| Corporate name or jurisdiction name as entry element |
INTERNATIONAL MONETARY FUND(IMF) |
| 856 ## - ELECTRONIC LOCATION AND ACCESS |
| Uniform Resource Identifier |
<a href="http://www.imf.org/external/pubs/ft/issues/issues18/index.htm">http://www.imf.org/external/pubs/ft/issues/issues18/index.htm</a> |
| 995 ## - RECOMMENDATION 995 [LOCAL, UNIMARC FRANCE] |
| -- |
0.00 |
| -- |
CBU-MAIN LIBRARY (Kitwe) |
| -- |
1 |
| -- |
5.00 |
| -- |
AVAILABLE |
| -- |
International Publications |